000 00644nam a22002417a 4500
003 UA-OsUOA
001 131114
007 ta
008 20180522b un ||||| |||| 00| 0 ukr d
100 _aБелецкий А. И.
090 _a82.09
_bБ43
942 _cBK
040 _aUA-OsUOA
_brus
_cUA-OsUOA
_dUA-OsUOA
245 _aВ мастерской художника слова
300 _a160 с.
955 _a1
041 _arus
080 _a82.09
020 _a5-06-000257-8
260 _aМ.
_bВысшая школа
_c1989
650 7 _a82 Література. Літературознавство
_2UDC
999 _c419278
_d419278